Motherhood by Choice: Pioneers in Women's Health and Family Planing

Gespeichert in:
Bibliographische Detailangaben
1. Verfasser: Huston, Perdita
Format: Buch
Sprache:English
Veröffentlicht: 1992
Schlagworte:
Tags: Tag hinzufügen
Keine Tags, Fügen Sie den ersten Tag hinzu!
Thư viện lưu trữ: Mạng thư viện Đại học Đà Nẵng
LEADER 01172cam a22003371a 4500
001 000033572
003 9752
005 20151029000000.0
008 151016s1992 000 eng
020 |a 1558610693 
041 |a eng 
082 |a 420.30  |b HU-P 
100 |a Huston, Perdita 
245 |a Motherhood by Choice: Pioneers in Women's Health and Family Planing  |c Perdita Huston 
260 |c 1992 
300 |a 180p. : ill ; 25cm 
650 |a 1992, Perdita Huston, Social, Family, Motherhood by Choice: Pioneers in Women's Health and Family Planing 
852 |b Chuyên đề  |c Văn học nước ngoài 
OWN |a LNN 
AVA |a UDN50  |b LNN  |d 420.30 HU-P  |e available  |t Error 5001 Not defined in file expand_doc_bib_avail.  |f 2  |g 0  |h N  |i 0  |k 1 
999 |a From the UDN01 
AVA |a UDN50  |b LNN  |d 420.30 HU-P  |e available  |t Error 5001 Not defined in file expand_doc_bib_avail.  |f 2  |g 0  |h N  |i 0  |k 1 
TYP |a Monograph 
TYP |a Printed language 
980 |a Mạng thư viện Đại học Đà Nẵng